[Event "ISR-ch op"]
[Site "Acre"]
[Date "2024.01.28"]
[Round "8"]
[White "Ribstein, Orel"]
[Black "Eliagov, Kafar"]
[Result "1-0"]
[WhiteElo "2043"]
[BlackElo "2291"]
[PlyCount "94"]
[EventDate "2024.01.21"]
[EventType "swiss"]
[EventRounds "9"]
[EventCountry "ISR"]
[SourceTitle "CB05_2024"]
[SourceDate "2024.01.31"]
[SourceVersion "1"]
[SourceVersionDate "2024.01.31"]
[SourceQuality "1"]

1. d4 e6 2. c4 Bb4+ 3. Nd2 Nf6 4. Ngf3 0-0 5. g3 b6 6. Bg2 Bb7 7. 0-0 d5 8. cxd5 exd5 9. Qb3 Bd6 10. Nb1 Ne4 11. Nfd2 Nf6 12. Nc3 Nc6 13. Nf3 Na5 14. Qc2 a6 15. Rd1 Re8 16. Nh4 g6 17. Bg5 Be7 18. Rac1 h6 19. Bxf6 Bxf6 20. Nxg6 fxg6 21. Qxg6+ Bg7 22. Nxd5 Rc8 23. Nxc7 Rxe2 24. Bxb7 Rxc7 25. Qxb6 Qf8 26. Bd5+ Kh8 27. f3 Rxc1 28. Rxc1 Qe8 29. Be4 Rxe4 30. fxe4 Qxe4 31. Rc8+ Kh7 32. Qxa5 Bxd4+ 33. Kf1 Qh1+ 34. Ke2 Qxh2+ 35. Kd3 Qxg3+ 36. Kc4 Qg4 37. Rc7+ Kh8 38. Kb3 Qe6+ 39. Rc4 Qe3+ 40. Ka4 Qe8+ 41. Ka3 Qe7+ 42. Qb4 Qe3+ 43. b3 Bg7 44. Rc8+ Kh7 45. Qc5 Qxc5+ 46. Rxc5 Bf8 47. b4 Bg7 1-0

[Event "EU-ch U14 31st"]
[Site "Mamaia"]
[Date "2023.09.10"]
[Round "5"]
[White "Ribstein, Orel"]
[Black "Lissillour, Baptiste"]
[Result "0-1"]
[WhiteElo "1967"]
[BlackElo "2239"]
[PlyCount "93"]
[EventDate "2023.09.05"]
[EventType "swiss"]
[EventRounds "9"]
[EventCountry "ROU"]
[SourceTitle "EXT 2024"]
[Source "ChessBase"]
[SourceDate "2023.10.10"]
[SourceVersion "1"]
[SourceVersionDate "2023.10.10"]
[SourceQuality "1"]

1. d4 d5 2. c4 e6 3. g3 Nf6 4. Bg2 Be7 5. Nf3 0-0 6. 0-0 dxc4 7. Qc2 a6 8. a4 Bd7 9. Qxc4 Bc6 10. Bg5 Nbd7 11. Nc3 a5 12. Qd3 Bxf3 13. Bxf3 c6 14. Rfd1 Nd5 15. Bf4 N7b6 16. Kh1 Qd7 17. Ne4 Nxf4 18. gxf4 Nd5 19. e3 Qc7 20. Rg1 Qb6 21. f5 Nb4 22. Qf1 exf5 23. Ng3 g6 24. Nxf5 Bf6 25. Qh3 Nd3 26. Rg2 Qxb2 27. Rf1 Qc2 28. Ng3 Qxa4 29. Nh5 Bg7 30. Nxg7 Kxg7 31. Qh4 Ne5 32. Bd1 Qb4 33. f4 Nd7 34. f5 Qd6 35. f6+ Nxf6 36. Rgf2 Nd7 37. Bb3 f6 38. e4 g5 39. Qh5 Qxd4 40. Rd1 Qxe4+ 41. Kg1 Ne5 42. h3 Rad8 43. Rdf1 Qg6 44. Qe2 Qd3 45. Qb2 Qg3+ 46. Kh1 Qxh3+ 47. Rh2 0-1

[Event "Ramat Gan Spring op"]
[Site "Ramat Gan"]
[Date "2023.05.29"]
[Round "4"]
[White "Ribstein, Orel"]
[Black "Shilon Rahav, Eliran"]
[Result "0-1"]
[WhiteElo "2088"]
[BlackElo "1840"]
[PlyCount "98"]
[EventDate "2023.05.01"]
[EventType "swiss"]
[EventRounds "7"]
[EventCountry "ISR"]
[SourceTitle "CBM 215 Extra"]
[Source "ChessBase"]
[SourceDate "2023.09.30"]
[SourceVersion "1"]
[SourceVersionDate "2023.09.30"]
[SourceQuality "1"]

1. d4 d5 2. c4 e6 3. Nf3 c6 4. Qc2 dxc4 5. Qxc4 b5 6. Qc2 Bb7 7. e4 Nf6 8. Bd3 Nbd7 9. 0-0 Rc8 10. Rd1 a6 11. Qe2 c5 12. dxc5 Bxc5 13. Bg5 Qb6 14. h3 h6 15. Bf4 0-0 16. Nbd2 Rfd8 17. Nb3 b4 18. Rac1 Nh5 19. Bh2 Be7 20. Rxc8 Rxc8 21. e5 g6 22. Bxg6 fxg6 23. Rxd7 Rc7 24. Rd1 a5 25. Qd3 Kh7 26. Qd4 Qb5 27. Qg4 Ng7 28. Nbd4 Qa4 29. b3 Qxa2 30. Nb5 Rc2 31. Bg3 h5 32. Ng5+ Bxg5 33. Qxg5 Bd5 34. Qe7 Rd2 35. Rxd2 Qxd2 36. Nd6 Qc1+ 37. Kh2 Qf1 38. f3 Bxf3 39. gxf3 Qe2+ 40. Kg1 Qxf3 41. Bf2 Qd1+ 42. Kh2 Qf3 43. Qf7 Qe2 44. Ne8 Qxe5+ 45. Kg1 Qg5+ 46. Kh2 Qe5+ 47. Kg2 Qg5+ 48. Kf3 Qd5+ 49. Kf4 e5+ 0-1

[Event "Rishon Le Ziyyon-ch U18"]
[Site "Rishon Le Ziyyon"]
[Date "2023.04.02"]
[Round "7"]
[White "Ribstein, Orel"]
[Black "Ofir, Nevo"]
[Result "0-1"]
[WhiteElo "2048"]
[BlackElo "1536"]
[PlyCount "170"]
[EventDate "2023.03.28"]
[EventType "swiss"]
[EventRounds "9"]
[EventCountry "ISR"]
[SourceTitle "CBM 213 Extra"]
[Source "ChessBase"]
[SourceDate "2023.05.31"]
[SourceVersion "1"]
[SourceVersionDate "2023.05.31"]
[SourceQuality "1"]

1. d4 d5 2. c4 e6 3. Nf3 Nf6 4. g3 c6 5. Nbd2 Nbd7 6. Bg2 Bd6 7. 0-0 0-0 8. Qc2 Re8 9. b3 e5 10. cxd5 cxd5 11. dxe5 Nxe5 12. Bb2 Bd7 13. Bxe5 Bxe5 14. Nxe5 Rxe5 15. e3 Bc6 16. Rfd1 Qb6 17. Nf3 Ree8 18. Nd4 Rac8 19. Qb2 Bd7 20. Rd3 Ne4 21. Ne2 Bb5 22. Rd4 Bxe2 23. Qxe2 Nxg3 24. hxg3 Qxd4 25. Rd1 Qf6 26. Rxd5 b6 27. Rd1 Qe7 28. Bh3 Rcd8 29. Rc1 Rd5 30. Qf3 Rc5 31. Rf1 Rd8 32. Kg2 Qf6 33. Qe2 Qc6+ 34. Kh2 Rc2 35. Qg4 Rxa2 36. Bg2 Qe6 37. Qb4 Rad2 38. Bf3 Qxe3 39. Kg2 Qd4 40. Qe7 Qd6 41. Qh4 Qf6 42. Qg4 R2d4 43. Qh3 Qh6 44. Qf5 Qe6 45. Qh5 R8d5 46. Bxd5 Qxd5+ 47. Qxd5 Rxd5 48. Rc1 g6 49. Rc3 Rb5 50. Kf3 Rb4 51. Kg2 a5 52. Kf3 b5 53. Kg2 a4 54. bxa4 bxa4 55. Rc8+ Kg7 56. Ra8 Kf6 57. Ra5 h5 58. Kh3 Ke6 59. f4 Kd6 60. Ra7 Kc6 61. Rxf7 a3 62. Ra7 Rb3 63. Kh4 Kb5 64. Rb7+ Kc4 65. Ra7 Rf3 66. g4 Kb3 67. f5 gxf5 68. gxh5 Rf1 69. Kg5 Rh1 70. h6 f4 71. Rb7+ Ka2 72. Rb4 f3 73. Rf4 Rh3 74. h7 Rxh7 75. Rxf3 Rh2 76. Rf8 Kb2 77. Rb8+ Ka1 78. Kf4 a2 79. Kf3 Rb2 80. Re8 Rb3+ 81. Kg4 Kb2 82. Re2+ Ka3 83. Re1 Rb1 84. Re3+ Kb4 85. Re4+ Kc5 0-1

[Event "Rishon Le Ziyyon-ch U18"]
[Site "Rishon Le Ziyyon"]
[Date "2023.03.31"]
[Round "5"]
[White "Ribstein, Orel"]
[Black "Bercovici, Yaniv"]
[Result "1-0"]
[WhiteElo "2048"]
[BlackElo "1680"]
[PlyCount "107"]
[EventDate "2023.03.28"]
[EventType "swiss"]
[EventRounds "9"]
[EventCountry "ISR"]
[SourceTitle "CBM 213 Extra"]
[Source "ChessBase"]
[SourceDate "2023.05.31"]
[SourceVersion "1"]
[SourceVersionDate "2023.05.31"]
[SourceQuality "1"]

1. d4 Nf6 2. c4 e6 3. Nc3 Bb4 4. g3 0-0 5. Bg2 d5 6. Nf3 Nbd7 7. 0-0 c6 8. Nd2 dxc4 9. Nxc4 c5 10. dxc5 Bxc5 11. e4 e5 12. Qe2 b6 13. Ne3 Bb7 14. Rd1 Rc8 15. Ned5 Nxd5 16. Nxd5 Bxd5 17. Rxd5 Qe7 18. Bh3 Rcd8 19. Be3 Bxe3 20. Qxe3 Nf6 21. Rxd8 Rxd8 22. a3 Rd4 23. Rc1 h6 24. Bg2 Qd7 25. h3 Rd3 26. Qe1 Qd4 27. Qe2 Rd2 28. Qf3 Qd6 29. Qf5 g6 30. Qc8+ Kg7 31. Qc3 b5 32. Qc5 Qxc5 33. Rxc5 Rxb2 34. Rxe5 a6 35. Re7 Rb3 36. e5 Ng8 37. Rxf7+ Kxf7 38. Bd5+ Kf8 39. Bxb3 Ne7 40. f4 Nf5 41. Kf2 Nd4 42. Bd1 Ke7 43. Ke3 Nf5+ 44. Kf3 a5 45. g4 Nd4+ 46. Ke3 Ne6 47. Bb3 Nc5 48. Bc2 g5 49. f5 Nd7 50. Kd4 Nb6 51. Bb3 b4 52. axb4 axb4 53. f6+ Ke8 54. e6 1-0

[Event "ISR-chT U14"]
[Site "Afula"]
[Date "2022.08.22"]
[Round "3"]
[White "Ribstein, Orel"]
[Black "Gadot, Ilay"]
[Result "1-0"]
[WhiteElo "1964"]
[BlackElo "1284"]
[PlyCount "100"]
[EventDate "2022.08.21"]
[EventType "team-tourn"]
[EventRounds "9"]
[EventCountry "ISR"]
[SourceTitle "CBM 210 Extra"]
[Source "ChessBase"]
[SourceDate "2022.11.30"]
[SourceVersion "1"]
[SourceVersionDate "2022.11.30"]
[SourceQuality "1"]

1. d4 Nf6 2. c4 e6 3. g3 d5 4. Bg2 c5 5. cxd5 exd5 6. Nf3 Nc6 7. 0-0 Be7 8. Nc3 0-0 9. dxc5 Bxc5 10. Bg5 Be6 11. Bxf6 gxf6 12. Qd2 Bb4 13. a3 Bxc3 14. Qxc3 Rc8 15. Qd2 Kg7 16. Rfd1 Qa5 17. Qf4 Rfd8 18. Nh4 Ne5 19. Nf5+ Bxf5 20. Qxf5 Qb5 21. Rd2 Rc7 22. Rad1 Nc4 23. Rxd5 Rxd5 24. Rxd5 Qe8 25. Be4 Nxb2 26. Qxh7+ Kf8 27. Qh6+ Ke7 28. Qd2 Qa4 29. Bf5 Nc4 30. Qf4 Qc6 31. Be4 Rd7 32. Rf5 Qe6 33. Rc5 Rd4 34. Bf5 Rxf4 35. Bxe6 fxe6 36. gxf4 Nxa3 37. Ra5 Nc4 38. Rxa7 Nd6 39. h4 Kf7 40. Kg2 Kg6 41. f3 Kh5 42. Kh3 f5 43. Ra8 b5 44. Rd8 Nc4 45. Rb8 Nd6 46. Rb6 Nc4 47. Rxb5 Ne3 48. Re5 Nd5 49. Kg3 Nc7 50. e4 Nb5 1-0

[Event "ISR-chT U18"]
[Site "Beer Yaakov"]
[Date "2022.08.14"]
[Round "2.1"]
[White "Ribstein, Orel"]
[Black "Levin, Guy"]
[Result "0-1"]
[WhiteElo "2015"]
[BlackElo "2352"]
[PlyCount "46"]
[EventDate "2022.08.14"]
[EventType "team-swiss"]
[EventRounds "7"]
[EventCountry "ISR"]
[SourceTitle "CBM 209 Extra"]
[Source "ChessBase"]
[SourceDate "2022.09.30"]
[SourceVersion "1"]
[SourceVersionDate "2022.09.30"]
[SourceQuality "1"]

1. d4 d5 2. c4 dxc4 3. Nf3 Nf6 4. e3 Bg4 5. Bxc4 e6 6. 0-0 Nbd7 7. Nc3 Be7 8. Bd2 0-0 9. Qc2 Bxf3 10. gxf3 Rc8 11. Rfd1 c5 12. dxc5 Rxc5 13. Be2 Qb8 14. Kh1 b5 15. Qb3 Rh5 16. f4 Qa8+ 17. Kg1 Rh6 18. f3 Rg6+ 19. Kf2 b4 20. Nb5 Nc5 21. Qc4 Nce4+ 22. fxe4 Nxe4+ 23. Ke1 Bh4+ 0-1

[Event "Ramat Gan Shavuot Rapid"]
[Site "Ramat Gan"]
[Date "2022.06.04"]
[Round "1"]
[White "Mindlin, Alon"]
[Black "Ribstein, Orel"]
[Result "1-0"]
[WhiteElo "2426"]
[BlackElo "1964"]
[PlyCount "67"]
[EventDate "2022.06.04"]
[EventType "swiss (rapid)"]
[EventRounds "6"]
[EventCountry "ISR"]
[SourceTitle "CBM 208 Extra"]
[Source "ChessBase"]
[SourceDate "2022.07.31"]
[SourceVersion "1"]
[SourceVersionDate "2022.07.31"]
[SourceQuality "1"]

1. d4 Nf6 2. c4 g6 3. Nc3 Bg7 4. e4 d6 5. f3 0-0 6. Be3 c5 7. d5 e6 8. Qd2 exd5 9. cxd5 Nbd7 10. Nh3 a6 11. a4 Ne5 12. Nf2 Qa5 13. Be2 b5 14. 0-0 b4 15. Ncd1 Bb7 16. b3 Rfe8 17. Nb2 Qc7 18. Rac1 Qe7 19. Bg5 Rac8 20. f4 Ned7 21. Bf3 h6 22. Bxf6 Bxf6 23. e5 Bg7 24. Nc4 dxe5 25. d6 Qe6 26. Bxb7 e4 27. Bxc8 Rxc8 28. Nd1 f5 29. Kh1 Bd4 30. Nde3 Nf6 31. Qe2 Kh8 32. Rfd1 Rd8 33. Ne5 Nd7 34. Qc4 1-0

[Event "ISR-ch U08/18"]
[Site "Savyon"]
[Date "2022.04.14"]
[Round "9"]
[White "Ribstein, Orel"]
[Black "Timonin, Roman"]
[Result "1-0"]
[WhiteElo "1931"]
[BlackElo "1426"]
[PlyCount "57"]
[EventDate "2022.04.06"]
[EventType "swiss"]
[EventRounds "9"]
[EventCountry "ISR"]
[SourceTitle "EXT 2023"]
[Source "ChessBase"]
[SourceDate "2022.10.05"]
[SourceVersion "1"]
[SourceVersionDate "2022.10.05"]
[SourceQuality "1"]

1. d4 Nf6 2. c4 e6 3. g3 Bb4+ 4. Nd2 d5 5. Bg2 0-0 6. Ngf3 Nbd7 7. 0-0 c5 8. cxd5 exd5 9. a3 Bxd2 10. Bxd2 b6 11. dxc5 Nxc5 12. Be3 Nce4 13. Rc1 Bb7 14. Qd3 Nd7 15. b4 a5 16. Rfd1 Ndf6 17. Qd4 Ng4 18. Qxb6 Nxe3 19. Qxe3 Re8 20. Qb3 Qb6 21. e3 Rac8 22. Nd4 axb4 23. Bxe4 dxe4 24. Qxb4 Qa6 25. Nf5 Rxc1 26. Rxc1 Bc8 27. Nd6 Rd8 28. Qb8 Qa4 29. Qxc8 1-0

[Event "ISR-ch U08/18"]
[Site "Savyon"]
[Date "2022.04.12"]
[Round "6"]
[White "Ribstein, Orel"]
[Black "Menahem, Adi"]
[Result "1/2-1/2"]
[WhiteElo "1931"]
[BlackElo "2032"]
[PlyCount "77"]
[EventDate "2022.04.06"]
[EventType "swiss"]
[EventRounds "9"]
[EventCountry "ISR"]
[SourceTitle "EXT 2023"]
[Source "ChessBase"]
[SourceDate "2022.10.05"]
[SourceVersion "1"]
[SourceVersionDate "2022.10.05"]
[SourceQuality "1"]

1. d4 d5 2. c4 e6 3. Nf3 c6 4. Qc2 f5 5. Bf4 Nf6 6. e3 Bd6 7. Nc3 0-0 8. Bd3 Ne4 9. 0-0 Qe7 10. c5 Bc7 11. b4 b6 12. Ne2 Bb7 13. a3 Bxf4 14. exf4 Rf6 15. Ne5 Rh6 16. h3 Nd7 17. Nxd7 Qxd7 18. Rae1 Qf7 19. Bxe4 fxe4 20. f3 Qg6 21. Kh2 bxc5 22. bxc5 Ba6 23. fxe4 dxe4 24. Rf2 Bd3 25. Qd2 Qf6 26. Qe3 Rd8 27. Rd1 Rh4 28. g3 Rh5 29. g4 Rhd5 30. g5 Qf7 31. Nc3 Rxd4 32. Nxe4 Qh5 33. Nc3 Qg6 34. Rfd2 Qf5 35. Ne2 R4d5 36. Nc3 Rd4 37. Ne2 R4d5 38. Nc3 Rd4 39. Ne2 1/2-1/2

[Event "ISR-ch U08/18"]
[Site "Savyon"]
[Date "2022.04.10"]
[Round "4"]
[White "Dezent, Eyal"]
[Black "Ribstein, Orel"]
[Result "0-1"]
[WhiteElo "2012"]
[BlackElo "1931"]
[PlyCount "84"]
[EventDate "2022.04.06"]
[EventType "swiss"]
[EventRounds "9"]
[EventCountry "ISR"]
[SourceTitle "EXT 2023"]
[Source "ChessBase"]
[SourceDate "2022.10.05"]
[SourceVersion "1"]
[SourceVersionDate "2022.10.05"]
[SourceQuality "1"]

1. e4 c5 2. Nf3 d6 3. d4 cxd4 4. Nxd4 Nf6 5. Nc3 a6 6. h3 e5 7. Nde2 b5 8. g4 b4 9. Nd5 Nxd5 10. exd5 h5 11. g5 h4 12. c3 bxc3 13. Nxc3 Be7 14. Ne4 Bf5 15. Rg1 Qa5+ 16. Nc3 Nd7 17. Qf3 Bg6 18. Bd2 Qb6 19. b3 Nc5 20. Be2 Rc8 21. Kf1 Qb7 22. Kg2 Rb8 23. Kh2 Qd7 24. Qe3 Bf5 25. Rae1 0-0 26. Bg4 Bxg4 27. Rxg4 Qf5 28. Rxh4 Nd3 29. Rf1 Nf4 30. Qg3 Bxg5 31. Rg4 Nh5 32. Qg2 Bxd2 33. Ne4 Bf4+ 34. Kh1 Rbd8 35. Rg1 g6 36. Qf3 Ng7 37. h4 a5 38. Nc3 Kh8 39. Ne2 Nh5 40. R1g2 Rc8 41. Nc3 Nf6 42. Nb5 Nxg4 0-1

[Event "EU-ch Hybrid U12"]
[Site "Tornelo INT"]
[Date "2021.10.15"]
[Round "2"]
[White "Giorgadze, Giorgi2222"]
[Black "Ribstein, Orel"]
[Result "1-0"]
[WhiteElo "1620"]
[BlackElo "2044"]
[PlyCount "139"]
[EventDate "2021.10.15"]
[EventType "swiss"]
[EventRounds "9"]
[EventCountry "NET"]
[SourceTitle "EXT 2023"]
[Source "ChessBase"]
[SourceDate "2022.10.05"]
[SourceVersion "1"]
[SourceVersionDate "2022.10.05"]
[SourceQuality "1"]
[WhiteTeam "Georgia"]
[BlackTeam "Israel"]
[WhiteTeamCountry "GEO"]
[BlackTeamCountry "ISR"]

1. e4 c5 2. Nf3 d6 3. d4 cxd4 4. Nxd4 Nf6 5. Nc3 a6 6. Be2 e6 7. Be3 h5 8. h3 Be7 9. 0-0 h4 10. f4 Nc6 11. Bf3 Qc7 12. Qe2 0-0 13. Bf2 Nh7 14. Qe1 Nxd4 15. Bxd4 Re8 16. Bf2 Qd8 17. Rd1 Bd7 18. Qd2 Bc6 19. Qd3 Nf8 20. f5 exf5 21. exf5 Nd7 22. Bd4 Bg5 23. Bxc6 bxc6 24. Ne4 d5 25. Nxg5 Qxg5 26. Qc3 Rac8 27. Rde1 Rxe1 28. Qxe1 c5 29. Bc3 d4 30. Bd2 Qf6 31. Qe4 Ne5 32. b3 Re8 33. Re1 Qd8 34. Kh1 Qb6 35. Qxh4 f6 36. Qe4 Rd8 37. Bf4 Nf7 38. Qe7 Qb4 39. Qe2 Qc3 40. Rd1 Qa5 41. a4 Qb6 42. Rd3 Qc6 43. Rg3 Nd6 44. Qe6+ Kf8 45. Bh6 Rd7 46. Qxf6+ Rf7 47. Bxg7+ Ke8 48. Qg6 Qd5 49. Bh6 Nxf5 50. Rd3 Nd6 51. Rd1 Kd7 52. Qg4+ Kc6 53. Bf4 Ne4 54. Kg1 Nc3 55. Re1 Ne4 56. Qc8+ Kb6 57. Qb8+ Rb7 58. Qe8 Nc3 59. Re6+ Ka5 60. Re5 Qd6 61. Bd2 Rg7 62. Qe6 Qc7 63. Qd5 Kb6 64. Re6+ Ka7 65. Bxc3 dxc3 66. Rc6 Qf4 67. Qxc5+ Kb8 68. Rc8+ Kb7 69. Qc6+ Ka7 70. Ra8# 1-0

[Event "EU-ch U10"]
[Site "Bratislava"]
[Date "2019.08.08"]
[Round "7"]
[White "Romanov, Vladislav O"]
[Black "Ribstein, Orel"]
[Result "1-0"]
[WhiteElo "1182"]
[BlackElo "1662"]
[PlyCount "94"]
[EventDate "2019.08.02"]
[EventType "swiss"]
[EventRounds "9"]
[EventCountry "SVK"]
[SourceTitle "EXT 2020"]
[Source "ChessBase"]
[SourceDate "2019.10.17"]
[SourceVersion "1"]
[SourceVersionDate "2019.10.17"]
[SourceQuality "1"]

1. c4 g6 2. Nc3 Bg7 3. g3 d6 4. Bg2 e5 5. e3 f5 6. Nge2 Nf6 7. d3 0-0 8. 0-0 c6 9. Rb1 Be6 10. b4 Nbd7 11. b5 Qc7 12. a4 Rac8 13. Ba3 Rfd8 14. Qc2 d5 15. cxd5 cxd5 16. Qb3 Nc5 17. Bxc5 Qxc5 18. Rfc1 Qd6 19. Qb2 Nd7 20. Qd2 Nc5 21. d4 Ne4 22. Qd1 Nxc3 23. Nxc3 e4 24. Qb3 g5 25. Ne2 Bh6 26. b6 a6 27. Qb2 Kh8 28. Nc3 f4 29. a5 fxe3 30. fxe3 g4 31. Qe2 Bg5 32. Na4 Rf8 33. Rxc8 Bxc8 34. Nc5 h5 35. Rf1 Rf3 36. Bxf3 gxf3 37. Qf2 Qh6 38. Re1 Qg7 39. Rc1 Bh3 40. Nb3 Qh6 41. Rc3 h4 42. Qd2 Qh5 43. Qf2 hxg3 44. hxg3 Bg2 45. Qe1 Qh1+ 46. Kf2 Qh2 47. Qg1 Qh7 1-0

[Event "Netanya op"]
[Site "Netanya"]
[Date "2019.06.26"]
[Round "4"]
[White "Cohen Revivo, Alon"]
[Black "Ribstein, Orel"]
[Result "1-0"]
[WhiteElo "2036"]
[BlackElo "1722"]
[PlyCount "63"]
[EventDate "2019.06.23"]
[EventType "swiss"]
[EventRounds "9"]
[EventCountry "ISR"]
[SourceTitle "CBM 191 Extra"]
[Source "ChessBase"]
[SourceDate "2019.09.30"]
[SourceVersion "1"]
[SourceVersionDate "2019.09.30"]
[SourceQuality "1"]

1. d4 d6 2. c4 g6 3. Nc3 Bg7 4. e4 Nf6 5. f4 0-0 6. Nf3 c5 7. d5 e6 8. Be2 exd5 9. cxd5 Bg4 10. 0-0 Nbd7 11. Re1 Re8 12. Bf1 a6 13. a4 Nh5 14. h3 Bxf3 15. Qxf3 Qh4 16. Be3 Bh6 17. Ne2 Ng7 18. g4 Re7 19. Bg2 f5 20. Bf2 Qf6 21. g5 Bxg5 22. fxg5 Qxg5 23. Qf4 Qxf4 24. Nxf4 g5 25. Ne6 Nxe6 26. dxe6 Rxe6 27. exf5 Rf6 28. Bxb7 Rb8 29. Bd5+ Kf8 30. b3 Nb6 31. Be6 Rc8 32. a5 1-0

[Event "Netanya op"]
[Site "Netanya"]
[Date "2019.06.24"]
[Round "2"]
[White "Zhimalov, Adam"]
[Black "Ribstein, Orel"]
[Result "1-0"]
[WhiteElo "2044"]
[BlackElo "1722"]
[PlyCount "73"]
[EventDate "2019.06.23"]
[EventType "swiss"]
[EventRounds "9"]
[EventCountry "ISR"]
[SourceTitle "CBM 191 Extra"]
[Source "ChessBase"]
[SourceDate "2019.09.30"]
[SourceVersion "1"]
[SourceVersionDate "2019.09.30"]
[SourceQuality "1"]

1. d4 d6 2. Nf3 g6 3. c4 Bg7 4. Nc3 Nf6 5. e4 0-0 6. h3 e5 7. d5 Na6 8. Be3 h6 9. g4 Ne8 10. Rg1 Kh7 11. Nd2 f5 12. gxf5 gxf5 13. exf5 Bxf5 14. Qh5 Nb4 15. 0-0-0 Qd7 16. a3 Nf6 17. Qf3 Nc2 18. Nb3 Nxe3 19. fxe3 a5 20. Qg2 Qe7 21. Nd2 Rg8 22. Qf2 Bg6 23. Nf3 Raf8 24. Nh4 Bh5 25. Qc2+ e4 26. Rd4 Re8 27. Qf2 Qe5 28. Ng2 Ref8 29. Nf4 Bf7 30. Qc2 Re8 31. Be2 c5 32. dxc6 bxc6 33. Rgd1 Bf8 34. Nxe4 Nxe4 35. Rxe4 Qf5 36. Bd3 Rxe4 37. Bxe4 1-0

[Event "EU-ch U08 26th"]
[Site "Prague"]
[Date "2016.08.26"]
[Round "8"]
[White "Solovyev, Nikolay"]
[Black "Ribstein, Orel"]
[Result "0-1"]
[WhiteElo "1032"]
[BlackElo "1315"]
[PlyCount "68"]
[EventDate "2016.08.18"]
[EventType "swiss"]
[EventRounds "9"]
[EventCountry "CZE"]
[SourceTitle "CBM 174 Extra"]
[Source "ChessBase"]
[SourceDate "2016.10.10"]
[SourceVersion "1"]
[SourceVersionDate "2016.10.10"]
[SourceQuality "1"]

1. e4 c5 2. c3 Nf6 3. e5 Nd5 4. d4 cxd4 5. Qxd4 e6 6. Nf3 Nc6 7. Qe4 d6 8. Bb5 Bd7 9. c4 Nb6 10. exd6 Bxd6 11. 0-0 a6 12. Rd1 Qe7 13. Be3 Bc7 14. c5 Nd5 15. Bc4 Nxe3 16. Qxe3 0-0 17. Nc3 Rab8 18. a4 Na5 19. Ba2 Nc6 20. Rab1 Ba5 21. Qd2 Rfd8 22. Qe3 Nb4 23. Bb3 Bc6 24. Ne5 h6 25. Nd3 Nxd3 26. Rxd3 Rxd3 27. Qxd3 Rd8 28. Qe3 Qf6 29. Rc1 Bc7 30. Bc2 Bf4 31. Ne4 Bxe4 32. Qxe4 Bxc1 33. Qxb7 Qe5 34. c6 Qe1# 0-1

[Event "EU-ch U08 26th"]
[Site "Prague"]
[Date "2016.08.25"]
[Round "7"]
[White "Ribstein, Orel"]
[Black "Zieba, Hubert"]
[Result "0-1"]
[WhiteElo "1315"]
[BlackElo "1142"]
[PlyCount "74"]
[EventDate "2016.08.18"]
[EventType "swiss"]
[EventRounds "9"]
[EventCountry "CZE"]
[SourceTitle "CBM 174 Extra"]
[Source "ChessBase"]
[SourceDate "2016.10.10"]
[SourceVersion "1"]
[SourceVersionDate "2016.10.10"]
[SourceQuality "1"]

1. d4 Nf6 2. Nf3 g6 3. e3 Bg7 4. Be2 0-0 5. Nbd2 d6 6. b3 c5 7. Bb2 Nc6 8. 0-0 b6 9. c4 cxd4 10. exd4 Bd7 11. a3 Rc8 12. d5 Na5 13. Nd4 Nb7 14. b4 Qc7 15. Rc1 Qb8 16. Bd3 Rc7 17. Re1 Re8 18. N2f3 a5 19. h3 Qa7 20. Qb3 Rd8 21. Rxe7 Ba4 22. Qxa4 Rxe7 23. Nc6 Nc5 24. bxc5 Qc7 25. Nxe7+ Qxe7 26. Re1 Qc7 27. c6 Ne8 28. Bxg7 Nxg7 29. Nd4 h6 30. Nb5 Qc8 31. Re7 Re8 32. Rd7 Re1+ 33. Kh2 Qe8 34. Qc2 Qe5+ 35. g3 Qf6 36. Nc3 Qf3 37. Be4 Rh1# 0-1

[Event "EU-ch U08 26th"]
[Site "Prague"]
[Date "2016.08.24"]
[Round "6"]
[White "Bialiauski, Artsiom"]
[Black "Ribstein, Orel"]
[Result "1-0"]
[WhiteElo "1436"]
[BlackElo "1315"]
[PlyCount "65"]
[EventDate "2016.08.18"]
[EventType "swiss"]
[EventRounds "9"]
[EventCountry "CZE"]
[SourceTitle "CBM 174 Extra"]
[Source "ChessBase"]
[SourceDate "2016.10.10"]
[SourceVersion "1"]
[SourceVersionDate "2016.10.10"]
[SourceQuality "1"]

1. e4 c5 2. Nc3 a6 3. f4 b5 4. d4 cxd4 5. Qxd4 Nc6 6. Qf2 Bb7 7. Nf3 e6 8. Bd3 Nb4 9. 0-0 Nf6 10. a3 Nxd3 11. cxd3 Be7 12. Be3 Ng4 13. Qe2 Nxe3 14. Qxe3 0-0 15. Rad1 d5 16. Ne2 Qa5 17. Kh1 dxe4 18. dxe4 Rfd8 19. b4 Qc7 20. Rc1 Qd7 21. Ne5 Qe8 22. Rc7 Rab8 23. Qa7 f6 24. Nc6 Bxc6 25. Rxe7 Qg6 26. Ng3 Ra8 27. Qe3 Rd6 28. f5 exf5 29. Nxf5 Rd7 30. Rxd7 Qe8 31. Rxg7+ Kh8 32. Rxh7+ Kg8 33. Qh6 1-0

[Event "EU School-ch U07"]
[Site "Kallithea"]
[Date "2016.06.20"]
[Round "4"]
[White "Vetokhin, Savva"]
[Black "Ribstein, Orel"]
[Result "1-0"]
[WhiteElo "1444"]
[BlackElo "1329"]
[PlyCount "44"]
[EventDate "2016.06.17"]
[EventType "swiss"]
[EventRounds "9"]
[EventCountry "GRE"]
[SourceTitle "EXT 2017"]
[Source "ChessBase"]
[SourceDate "2016.10.25"]
[SourceVersion "1"]
[SourceVersionDate "2016.10.25"]
[SourceQuality "1"]

1. d4 c5 2. Nf3 cxd4 3. Nxd4 e6 4. Nc3 a6 5. Bf4 d6 6. Nb3 b5 7. e4 Bb7 8. Bd3 Nf6 9. f3 Be7 10. 0-0 0-0 11. Re1 Nbd7 12. Qe2 Qc7 13. Red1 Rac8 14. Nd4 e5 15. Nf5 Nc5 16. Be3 Rfd8 17. Qf2 Ba8 18. Nxe7+ Qxe7 19. Bg5 Bb7 20. Ne2 h6 21. Bh4 d5 22. Bxf6 Qxf6 1-0